Capital des pays européen - Statistiques

Statistiques générales
  • Ce quiz a été pris 231 fois
  • Le résultat moyen est 31 sur 43
Statistiques - réponses
Hint Réponse % Correct
Allemagne Berlin
90%
Belgique Bruxelles
89%
Portugal Lisbonne
89%
Grece Athenes
87%
Luxembourg Luxembourg
86%
Espagne Madrid
86%
Monaco Monaco
86%
Italie Rome
86%
Pologne Varsovie
86%
Vatican Vatican
86%
Ukraine Kiev
85%
Andorre Andorre-la-Vieille
84%
Suisse Berne
82%
Islande Reykjavik
81%
Saint-Marin Saint-Marin
81%
Danemark Copenhague
78%
Roumanie Bucarest
77%
Finlande Helsinki
77%
Norvege Oslo
77%
Suede Stockholm
77%
Autriche Vienne
76%
Hongrie Budapest
75%
Croatie Zagreb
75%
Tchequie Prague
74%
Turquie Ankara
73%
Malte La Valette
73%
Slovénie Ljubljana
66%
Bielorussie Minsk
66%
Bulgarie Sofia
62%
Slovaquie Bratislava
60%
Chypre Nicosie
60%
Albanie Tirana
60%
Liechestein Vaduz
60%
Lituanie Vilnius
60%
Pays-Bas La Haye
59%
Bosnie-Herzegovine Sarajevo
57%
Serbie Belgrade
56%
Lettonie Riga
56%
Estonie Tallinn
54%
Moldavie Chisinau
52%
Macedoine du Nord Skopje
48%
Kosovo Pristina
46%
Montenegro Podgorica
45%
Aucun quiz correspondant
Distribution des résultats
% des personnes avec chaque résultat
Percentile par nombre de réponses
Votre historique - résultats
Vous n’avez pas pris ce quiz